| 000 | 00689nam a2200265Ia 4500 | ||
|---|---|---|---|
| 008 | 160803s9999 xx 000 0 und d | ||
| 020 | _a978-0060266837 | ||
| 100 | _aNumeroff, Laura | ||
| 245 | _aIf you give a dog a donut / | ||
| 245 | _cwritten by Laura Numeroff ; illustrated by Felicia Bond. | ||
| 260 | _aNew York : | ||
| 260 | _bScholastic Inc. | ||
| 260 | _c2011 | ||
| 300 | _a15 pages : | ||
| 300 | _bcolor illustrations ; | ||
| 300 | _c26 cm. | ||
| 440 | _aAn If you give book | ||
| 650 | _aDogs -- | ||
| 650 | _aDogs -- | ||
| 650 | _aDoughnuts -- | ||
| 650 | _xFiction. | ||
| 650 | _xJuvenile fiction. | ||
| 650 | _xJuvenile fiction. | ||
| 700 | _a430 | ||
| 999 |
_c298365 _d298365 |
||